000 01071nam a22002657a 4500
005 20200104041626.0
008 140311b2011 ck il. gr|||| 00| 0 spa d
020 _a9789588753003
041 _aspa
044 _ack
082 _a333.715
_bM74c
100 1 _aMonje-Carrillo, César Augusto
_924680
245 1 3 _aEl corredor ecológico vial Bogotá - Villavicencio :
_bespacio de planificación territorial
260 3 _aBogotá
_bFundación Natura Colombia
_bCoviandes
_c2011
300 _a78 p.
_bmapas
_c28 cm
504 _aIncluye bibliografía (páginas 77 - 78)
650 4 _aDesarrollo sostenible
_xInvestigaciones
_zBogotá Colombia)
_924681
650 4 _aDesarrollo sostenible
_xInvestigaciones
_zVillavicencio (Colombia)
_924682
650 4 _aDesarrollo sostenible
_9278
650 4 _aEconomía ambiental
_xInvestigaciones
_zColombia
_924684
650 4 _aConservación del medio ambiente
_xInvestigaciones
_zColombia
_924685
650 4 _aPolítica ambiental
_xInvestigaciones
_zColombia
_924686
710 2 _aThe Nature Conservancy
_924687
942 _cImpreso
_2ddc
999 _c8520
_d8520